<?xml version="1.0" encoding="UTF-8"?>
<record
    xmlns:xsi="http://www.w3.org/2001/XMLSchema-instance"
    xsi:schemaLocation="http://www.loc.gov/MARC21/slim http://www.loc.gov/standards/marcxml/schema/MARC21slim.xsd"
    xmlns="http://www.loc.gov/MARC21/slim">

  <leader>01012cam a22002058i 4500</leader>
  <datafield tag="020" ind1=" " ind2=" ">
    <subfield code="a">9781501753732</subfield>
  </datafield>
  <datafield tag="020" ind1=" " ind2=" ">
    <subfield code="a">9781501753961</subfield>
  </datafield>
  <datafield tag="040" ind1=" " ind2=" ">
    <subfield code="c">DLC</subfield>
  </datafield>
  <datafield tag="082" ind1="0" ind2="0">
    <subfield code="a">333 CEN 2018 C347 Or.</subfield>
  </datafield>
  <datafield tag="245" ind1="0" ind2="0">
    <subfield code="a">Land fictions :</subfield>
    <subfield code="b">the commodification of land in city and country /</subfield>
  </datafield>
  <datafield tag="300" ind1=" " ind2=" ">
    <subfield code="a">pages cm.</subfield>
  </datafield>
  <datafield tag="490" ind1="0" ind2=" ">
    <subfield code="a">Cornell series on land : new perspectives on territory, development, and environment</subfield>
  </datafield>
  <datafield tag="520" ind1=" " ind2=" ">
    <subfield code="a">"Bringing together original research on urban, rural and peri-urban India, rapidly urbanizing China and Southeast Asia, resource expropriation in Africa and Latin America, and the neoliberal urban landscapes of North America and Europe, this book interrogates global patterns of property formation, the dispossessions property markets enact, and the popular movements to halt the growing waves of evictions and land grabs they face"</subfield>
  </datafield>
  <datafield tag="650" ind1=" " ind2="0">
    <subfield code="a">Land use</subfield>
  </datafield>
  <datafield tag="650" ind1=" " ind2="0">
    <subfield code="a">Land use, Urban</subfield>
  </datafield>
  <datafield tag="650" ind1=" " ind2="0">
    <subfield code="a">Land use, Rural</subfield>
  </datafield>
  <datafield tag="700" ind1="1" ind2=" ">
    <subfield code="a">Ghertner, D. Asher,</subfield>
  </datafield>
  <datafield tag="700" ind1="1" ind2=" ">
    <subfield code="a">Lake, Robert W.,</subfield>
  </datafield>
  <datafield tag="942" ind1=" " ind2=" ">
    <subfield code="c">AEDBB</subfield>
  </datafield>
  <datafield tag="999" ind1=" " ind2=" ">
    <subfield code="c">19373</subfield>
    <subfield code="d">19373</subfield>
  </datafield>
  <datafield tag="952" ind1=" " ind2=" ">
    <subfield code="0">0</subfield>
    <subfield code="1">0</subfield>
    <subfield code="4">0</subfield>
    <subfield code="6">333_000000000000000_CEN_2018_C026_OR</subfield>
    <subfield code="7">0</subfield>
    <subfield code="9">84740</subfield>
    <subfield code="a">LBC</subfield>
    <subfield code="b">LBC</subfield>
    <subfield code="c">C026</subfield>
    <subfield code="d">2020-11-13</subfield>
    <subfield code="e">A063077</subfield>
    <subfield code="o">333 CEN 2018 C026 Or.</subfield>
    <subfield code="r">2020-11-13</subfield>
    <subfield code="y">EK</subfield>
  </datafield>
  <datafield tag="952" ind1=" " ind2=" ">
    <subfield code="0">0</subfield>
    <subfield code="1">0</subfield>
    <subfield code="4">0</subfield>
    <subfield code="6">333_000000000000000_CEN_2018_C026_OR</subfield>
    <subfield code="7">0</subfield>
    <subfield code="9">84741</subfield>
    <subfield code="a">LBC</subfield>
    <subfield code="b">LBC</subfield>
    <subfield code="c">C026</subfield>
    <subfield code="d">2020-11-13</subfield>
    <subfield code="e">A063439</subfield>
    <subfield code="o">333 CEN 2018 C026 Or.</subfield>
    <subfield code="r">2020-11-13</subfield>
    <subfield code="y">EK</subfield>
  </datafield>
  <datafield tag="952" ind1=" " ind2=" ">
    <subfield code="0">0</subfield>
    <subfield code="1">0</subfield>
    <subfield code="4">0</subfield>
    <subfield code="6">333_000000000000000_CEN_2018_C026_OR</subfield>
    <subfield code="7">0</subfield>
    <subfield code="9">84742</subfield>
    <subfield code="a">LBC</subfield>
    <subfield code="b">LBC</subfield>
    <subfield code="c">C026</subfield>
    <subfield code="d">2020-11-13</subfield>
    <subfield code="e">A062765</subfield>
    <subfield code="o">333 CEN 2018 C026 Or.</subfield>
    <subfield code="r">2020-11-13</subfield>
    <subfield code="y">EK</subfield>
  </datafield>
  <datafield tag="952" ind1=" " ind2=" ">
    <subfield code="0">0</subfield>
    <subfield code="1">0</subfield>
    <subfield code="4">0</subfield>
    <subfield code="6">333_000000000000000_CEN_2018_C026_OR</subfield>
    <subfield code="7">0</subfield>
    <subfield code="9">84743</subfield>
    <subfield code="a">LBC</subfield>
    <subfield code="b">LBC</subfield>
    <subfield code="c">C026</subfield>
    <subfield code="d">2020-11-13</subfield>
    <subfield code="e">A064745</subfield>
    <subfield code="o">333 CEN 2018 C026 Or.</subfield>
    <subfield code="r">2020-11-13</subfield>
    <subfield code="y">EK</subfield>
  </datafield>
  <datafield tag="952" ind1=" " ind2=" ">
    <subfield code="0">0</subfield>
    <subfield code="1">0</subfield>
    <subfield code="4">0</subfield>
    <subfield code="6">333_000000000000000_CEN_2018_C026_OR</subfield>
    <subfield code="7">0</subfield>
    <subfield code="9">84744</subfield>
    <subfield code="a">LBC</subfield>
    <subfield code="b">LBC</subfield>
    <subfield code="c">C026</subfield>
    <subfield code="d">2020-11-13</subfield>
    <subfield code="e">A062993</subfield>
    <subfield code="o">333 CEN 2018 C026 Or.</subfield>
    <subfield code="r">2020-11-13</subfield>
    <subfield code="y">EK</subfield>
  </datafield>
</record>
